000 00315nam a2200109Ia 4500
008 220217s9999 xx 000 0 und d
245 0 _aFlexible cellular polymeric materials- Determination of compression set
260 _c2000
500 _aStandard number: ISO 1856
650 _a Polymeric materials
942 _cST
999 _c74056
_d74056